[Event "CZE-chT2B 1920"]
[Site "Czech Republic"]
[Date "2020.02.23"]
[Round "9.6"]
[White "Bauer, Jindrich"]
[Black "Volf, Jaromir"]
[Result "1-0"]
[WhiteElo "2105"]
[BlackElo "2078"]
[PlyCount "71"]
[EventDate "2019.10.13"]
[EventType "team-tourn"]
[EventRounds "11"]
[EventCountry "CZE"]
[SourceTitle "EXT 2024"]
[Source "ChessBase"]
[SourceDate "2023.10.10"]
[SourceVersion "1"]
[SourceVersionDate "2023.10.10"]
[SourceQuality "1"]
[WhiteTeam "Kolesovice Cesky Lev"]
[BlackTeam "Kladno"]
[WhiteTeamCountry "CZE"]
[BlackTeamCountry "CZE"]

1. a3 e5 2. c4 c5 3. d3 Nc6 4. Nf3 f5 5. e3 d6 6. Be2 Nf6 7. 0-0 Be7 8. b3 0-0 9. Bb2 Qe8 10. Nc3 a6 11. Qc2 h6 12. Rad1 g5 13. d4 e4 14. Ne1 cxd4 15. exd4 Bd8 16. b4 Ne7 17. f3 e3 18. f4 g4 19. g3 Ng6 20. Ng2 b6 21. Rd3 Ra7 22. Rxe3 Re7 23. Rxe7 Qxe7 24. Bd3 Qd7 25. Re1 h5 26. Ne3 Ne7 27. d5 h4 28. Ne2 Nh5 29. Nd4 hxg3 30. hxg3 Ng7 31. Kf2 b5 32. c5 dxc5 33. bxc5 Nxd5 34. c6 Qd6 35. Qb3 Be6 36. Nxe6 1-0

[Event "CZE-chT2B 1819"]
[Site "Czech Republic"]
[Date "2019.03.17"]
[Round "10.8"]
[White "Prudek, Jiri"]
[Black "Volf, Jaromir"]
[Result "1-0"]
[WhiteElo "2035"]
[BlackElo "2095"]
[PlyCount "129"]
[EventDate "2018.10.14"]
[EventType "team-tourn"]
[EventRounds "11"]
[EventCountry "CZE"]
[SourceTitle "EXT 2022"]
[Source "ChessBase"]
[SourceDate "2021.10.06"]
[SourceVersion "1"]
[SourceVersionDate "2021.10.06"]
[SourceQuality "1"]
[WhiteTeam "Decin"]
[BlackTeam "Kladno"]
[WhiteTeamCountry "CZE"]
[BlackTeamCountry "CZE"]

1. e4 e5 2. Nf3 d6 3. d4 exd4 4. Nxd4 Nf6 5. Nc3 Be7 6. Be2 0-0 7. 0-0 c5 8. Nb3 a6 9. f4 Nc6 10. Bf3 Qc7 11. Be3 Rb8 12. h3 b5 13. Qe1 b4 14. Ne2 Na5 15. Nxa5 Qxa5 16. Ng3 Qc7 17. c4 a5 18. Nf5 Bxf5 19. exf5 Nd7 20. b3 Bf6 21. Rd1 Bc3 22. Qf2 Rfe8 23. Kh1 Nb6 24. Rd3 a4 25. Rfd1 axb3 26. axb3 Nc8 27. Bd2 Bf6 28. Bc1 Rb6 29. Bb2 Qd8 30. Qc2 Qe7 31. Kh2 h6 32. R1d2 Bxb2 33. Qxb2 Qe1 34. Re2 Rxe2 35. Qxe2 Qxe2 36. Bxe2 Kf8 37. Bf3 Ke7 38. Kg3 Kf6 39. Be4 Ne7 40. Kg4 h5+ 41. Kxh5 Nxf5 42. Bxf5 Kxf5 43. Kh4 Ke4 44. Rd1 Kxf4 45. Rf1+ Ke5 46. Rxf7 d5 47. cxd5 Kxd5 48. Rd7+ Kc6 49. Rxg7 c4 50. Rg6+ Kb5 51. bxc4+ Ka6 52. Rg8 Ka7 53. Rf8 b3 54. Rf1 b2 55. Rb1 Kb7 56. g4 Kc6 57. g5 Kc5 58. Kh5 Kxc4 59. g6 Kc3 60. g7 Rb8 61. Kg6 Kc2 62. Rxb2+ Kxb2 63. h4 Kc3 64. h5 Kd4 65. h6 1-0

[Event "CZE-chT2B 1819"]
[Site "Czech Republic"]
[Date "2018.11.04"]
[Round "2.7"]
[White "Kral, David"]
[Black "Volf, Jaromir"]
[Result "1-0"]
[WhiteElo "2006"]
[BlackElo "2095"]
[PlyCount "71"]
[EventDate "2018.10.14"]
[EventType "team-tourn"]
[EventRounds "11"]
[EventCountry "CZE"]
[SourceTitle "EXT 2022"]
[Source "ChessBase"]
[SourceDate "2021.10.06"]
[SourceVersion "1"]
[SourceVersionDate "2021.10.06"]
[SourceQuality "1"]
[WhiteTeam "Teplice"]
[BlackTeam "Kladno"]
[WhiteTeamCountry "CZE"]
[BlackTeamCountry "CZE"]

1. e4 e5 2. f4 exf4 3. Nf3 d6 4. d4 Be7 5. Bxf4 Nf6 6. Bd3 Bg4 7. 0-0 Nc6 8. c3 Qd7 9. Nbd2 0-0 10. b4 a6 11. a4 d5 12. Qc2 dxe4 13. Nxe4 Bxf3 14. gxf3 Nd5 15. Bd2 Rfd8 16. Nc5 Bxc5 17. bxc5 g6 18. Rad1 Ndb4 19. Qb1 Nxd3 20. Qxd3 Qd5 21. Qe4 f5 22. Qxd5+ Rxd5 23. Bf4 Rc8 24. Rb1 Na5 25. Rfc1 Rd7 26. Rb4 Re8 27. Kf2 Kf7 28. Re1 Rxe1 29. Kxe1 Kf6 30. h4 Ke6 31. Kd2 Kd5 32. Kd3 Kc6 33. c4 Re7 34. Be3 Kd7 35. d5 Re8 36. Bd2 1-0

[Event "CZE-chT2A 1617"]
[Site "Czech Republic"]
[Date "2017.04.02"]
[Round "11.7"]
[White "Volf, Jaromir"]
[Black "Pospech, Radim"]
[Result "1-0"]
[WhiteElo "2079"]
[BlackElo "2074"]
[PlyCount "154"]
[EventDate "2016.10.09"]
[EventType "team-tourn"]
[EventRounds "11"]
[EventCountry "CZE"]
[SourceTitle "EXT 2022"]
[Source "ChessBase"]
[SourceDate "2021.10.06"]
[SourceVersion "1"]
[SourceVersionDate "2021.10.06"]
[SourceQuality "1"]
[WhiteTeam "Kladno"]
[BlackTeam "Praha Dukla"]
[WhiteTeamCountry "CZE"]
[BlackTeamCountry "CZE"]

1. e4 c5 2. c4 Nc6 3. f4 g6 4. Nf3 Bg7 5. Be2 d6 6. 0-0 e6 7. Nc3 Nge7 8. d3 0-0 9. Qe1 Nd4 10. Nxd4 Bxd4+ 11. Kh1 a6 12. a4 Rb8 13. g4 f5 14. gxf5 gxf5 15. Bf3 Kh8 16. Ne2 Bf6 17. Bd2 d5 18. e5 Bg7 19. Be3 b6 20. Rd1 d4 21. Bf2 Qc7 22. Bh4 Ng6 23. Qg3 Bb7 24. Bg5 Bxf3+ 25. Rxf3 Qb7 26. Rg1 Rf7 27. h4 h6 28. h5 hxg5 29. hxg6 g4 30. Rgf1 gxf3 31. Rxf3 Kg8 32. gxf7+ Kxf7 33. Kg2 Rg8 34. Kf2 Bxe5 35. Qh4 Bf6 36. Qh5+ Kf8 37. Rh3 Qf7 38. Qf3 Qc7 39. Qa8+ Kf7 40. Qxa6 e5 41. Ng3 e4 42. dxe4 Qxf4+ 43. Kg2 Qxe4+ 44. Kf2 Qe3+ 45. Kg2 Qe2+ 46. Kg1 Qe3+ 47. Kg2 Rg7 48. Qxb6 f4 49. Qb7+ Be7 50. Qd5+ Qe6 51. Qf3 Kg8 52. Qxf4 Bd6 53. Qf1 Qe4+ 54. Qf3 Qc2+ 55. Kh1 Qxc4 56. b3 Qe6 57. Ne4 Qg6 58. Nf6+ Kf7 59. Nh5+ Kg8 60. Nxg7 Kxg7 61. Qg2 Qxg2+ 62. Kxg2 Kf6 63. Kf3 Ke6 64. Ke4 Bc7 65. Rh6+ Kd7 66. Kd5 d3 67. Rh7+ Kc8 68. Rh3 d2 69. Rd3 Bf4 70. Kxc5 Kc7 71. b4 Bg5 72. a5 Kb7 73. b5 Be7+ 74. Kc4 Bg5 75. Rd7+ Kc8 76. Rd5 Kb7 77. Kc3 Bd8 1-0

[Event "CZE-chT2A 1516"]
[Site "Czech Republic"]
[Date "2015.11.22"]
[Round "3.7"]
[White "Hruska, Jan"]
[Black "Volf, Jaromir"]
[Result "0-1"]
[WhiteElo "2113"]
[BlackElo "2078"]
[PlyCount "96"]
[EventDate "2015.10.18"]
[EventType "team-tourn"]
[EventRounds "11"]
[EventCountry "CZE"]
[SourceTitle "EXT 2022"]
[Source "ChessBase"]
[SourceDate "2021.10.06"]
[SourceVersion "1"]
[SourceVersionDate "2021.10.06"]
[SourceQuality "1"]
[WhiteTeam "Unichess III"]
[BlackTeam "Kladno"]
[WhiteTeamCountry "CZE"]
[BlackTeamCountry "CZE"]

1. d4 d5 2. c4 e6 3. Nc3 f5 4. e3 Nf6 5. f4 Be7 6. Nf3 0-0 7. Bd3 c6 8. 0-0 a6 9. c5 b5 10. cxb6 Qxb6 11. Qc2 Nfd7 12. Na4 Qa7 13. b3 a5 14. Bb2 Ba6 15. Bxa6 Qxa6 16. Rac1 Ra7 17. Ne5 Rc7 18. Nd3 Qb5 19. Nac5 Nxc5 20. Nxc5 Kf7 21. Qd2 Na6 22. Ba3 Nb4 23. Bxb4 axb4 24. Nd3 Bd6 25. Rc2 Ra8 26. Rfc1 Ra6 27. Qe2 g6 28. Ne5+ Bxe5 29. Qxb5 cxb5 30. Rxc7+ Bxc7 31. Rxc7+ Kf6 32. Rc5 Rxa2 33. Rxb5 Re2 34. Rxb4 Rxe3 35. Kf2 Rc3 36. h4 h6 37. Rb8 Rd3 38. Rb4 Rd2+ 39. Kf3 g5 40. hxg5+ hxg5 41. g4 gxf4 42. gxf5 Kxf5 43. Rb8 Rxd4 44. b4 Rd3+ 45. Kf2 Ke4 46. b5 Rd2+ 47. Ke1 Rb2 48. Kd1 f3 0-1

[Event "CZE-chT2A 1415"]
[Site "Czech Republic"]
[Date "2015.02.22"]
[Round "8.6"]
[White "Holy, Filip"]
[Black "Volf, Jaromir"]
[Result "0-1"]
[WhiteElo "1849"]
[BlackElo "2058"]
[PlyCount "136"]
[EventDate "2014.11.02"]
[EventType "team-tourn"]
[EventRounds "11"]
[EventCountry "CZE"]
[SourceTitle "EXT 2022"]
[Source "ChessBase"]
[SourceDate "2021.10.06"]
[SourceVersion "1"]
[SourceVersionDate "2021.10.06"]
[SourceQuality "1"]
[WhiteTeam "Plzen Letna"]
[BlackTeam "Kladno"]
[WhiteTeamCountry "CZE"]
[BlackTeamCountry "CZE"]

1. e4 e5 2. Nf3 d6 3. d4 exd4 4. Nxd4 Nf6 5. Nc3 Be7 6. Bc4 a6 7. a4 0-0 8. 0-0 c5 9. Nb3 Nc6 10. f4 Be6 11. Bxe6 fxe6 12. g4 c4 13. Nd2 d5 14. e5 Ne8 15. Nf3 Bc5+ 16. Kh1 Rb8 17. Qe2 Nd4 18. Nxd4 Bxd4 19. Bd2 b5 20. axb5 axb5 21. Ra6 Rb6 22. Rfa1 Nc7 23. Rxb6 Bxb6 24. Nd1 d4 25. Qe4 Qd5 26. Nf2 d3 27. Qxd5 Nxd5 28. Nh3 dxc2 29. Rc1 Ne3 30. Bxe3 Bxe3 31. Rxc2 Bxf4 32. Re2 Bc1 33. Kg2 Rd8 34. Nf2 Rd2 35. Rxd2 Bxd2 36. Ne4 Bc1 37. Nd6 Bxb2 38. Nxb5 c3 39. Nd4 Kf7 40. Kf3 Bc1 41. h3 Bg5 42. Ke4 Bd2 43. Kd3 Ke7 44. Ne2 Kd7 45. Nd4 Bf4 46. Ke4 Bg3 47. Nc2 Kc6 48. Kd4 Kb5 49. Kxc3 Bxe5+ 50. Kd3 Kc5 51. Ke4 Bc3 52. Ne3 Bd2 53. Nf1 Bc3 54. Ne3 Kd6 55. Nc4+ Ke7 56. Ne3 Kf6 57. Ng2 Kg5 58. Nf4 e5 59. Ne6+ Kf6 60. Nf8 h6 61. Nd7+ Kg5 62. Kf3 Kh4 63. Nc5 Kxh3 64. Ne4 Bb4 65. g5 hxg5 66. Nxg5+ Kh4 67. Nf7 Bc3 68. Ke4 g5 0-1

[Event "Rakovnik Regional-chT 1415"]
[Site "Rakovnik"]
[Date "2015.02.01"]
[Round "7.5"]
[White "Valtr, Tomas"]
[Black "Volf, Jaromir"]
[Result "0-1"]
[WhiteElo "1980"]
[BlackElo "2058"]
[PlyCount "56"]
[EventDate "2014.10.19"]
[EventType "team-tourn"]
[EventRounds "11"]
[EventCountry "CZE"]
[SourceTitle "EXT 2016"]
[Source "ChessBase"]
[SourceDate "2015.10.08"]
[SourceVersion "1"]
[SourceVersionDate "2015.10.08"]
[SourceQuality "1"]
[WhiteTeam "Lysa nad Labem IV"]
[BlackTeam "Rakovnik"]
[WhiteTeamCountry "CZE"]
[BlackTeamCountry "CZE"]

1. d4 d5 2. Nf3 e6 3. e3 f5 4. c4 c6 5. Nc3 Nf6 6. Be2 Bd6 7. Bd2 0-0 8. 0-0 Nbd7 9. Ne1 Ne4 10. f4 Nxd2 11. Qxd2 a6 12. c5 Bc7 13. Nf3 Qe7 14. b4 h6 15. a4 g5 16. g3 Rf7 17. Kh1 Rg7 18. Rg1 b6 19. Nd1 a5 20. cxb6 Bxb6 21. b5 c5 22. Nc3 Bb7 23. Ne5 Nxe5 24. fxe5 Rc8 25. Rac1 cxd4 26. exd4 Qb4 27. Rgd1 Rgc7 28. Nxd5 Bxd5+ 0-1

[Event "CZE-chT2A 1415"]
[Site "Czech Republic"]
[Date "2015.01.11"]
[Round "5.5"]
[White "Janska, Jitka"]
[Black "Volf, Jaromir"]
[Result "1-0"]
[WhiteElo "2077"]
[BlackElo "2058"]
[PlyCount "83"]
[EventDate "2014.11.02"]
[EventType "team-tourn"]
[EventRounds "11"]
[EventCountry "CZE"]
[SourceTitle "EXT 2022"]
[Source "ChessBase"]
[SourceDate "2021.10.06"]
[SourceVersion "1"]
[SourceVersionDate "2021.10.06"]
[SourceQuality "1"]
[WhiteTeam "Klatovy"]
[BlackTeam "Kladno"]
[WhiteTeamCountry "CZE"]
[BlackTeamCountry "CZE"]

1. e4 e5 2. Nf3 d6 3. Bc4 Be7 4. d4 exd4 5. Nxd4 Nf6 6. Nc3 a6 7. a4 0-0 8. 0-0 Bd7 9. Kh1 Nc6 10. f4 Nxd4 11. Qxd4 Qc8 12. b3 Be6 13. Be2 Bg4 14. Bd3 c5 15. Qe3 Be6 16. e5 Ng4 17. Qg3 f5 18. h3 Nh6 19. exd6 Bxd6 20. Bb2 Rf7 21. Rfe1 Kh8 22. Re2 Qd7 23. Rae1 Rf6 24. Qf3 Rg6 25. Nd5 Rf8 26. Nb6 Qf7 27. Bc4 Bxc4 28. Nxc4 b5 29. Nxd6 Rxd6 30. Re7 Qg6 31. Rxg7 Qxg7 32. Bxg7+ Kxg7 33. axb5 axb5 34. Qb7+ Rf7 35. Qxb5 Rc7 36. Qa5 Rdc6 37. Qc3+ Kf7 38. Qh8 Kg6 39. Re3 Rd6 40. Rg3+ Kh5 41. Rg5+ Kh4 42. Qe8 1-0

[Event "Rakovnik Regional-chT 1415"]
[Site "Rakovnik"]
[Date "2014.11.09"]
[Round "2.6"]
[White "Volf, Jaromir"]
[Black "Rynt, Pavel"]
[Result "1-0"]
[WhiteElo "2058"]
[BlackElo "1956"]
[PlyCount "53"]
[EventDate "2014.10.19"]
[EventType "team-tourn"]
[EventRounds "11"]
[EventCountry "CZE"]
[SourceTitle "EXT 2016"]
[Source "ChessBase"]
[SourceDate "2015.10.08"]
[SourceVersion "1"]
[SourceVersionDate "2015.10.08"]
[SourceQuality "1"]
[WhiteTeam "Rakovnik"]
[BlackTeam "Kralupy nad Vltavou"]
[WhiteTeamCountry "CZE"]
[BlackTeamCountry "CZE"]

1. e4 c5 2. c3 b6 3. d4 Ba6 4. Bxa6 Nxa6 5. d5 Nc7 6. c4 d6 7. Nc3 Qd7 8. Nf3 g6 9. 0-0 Bg7 10. Re1 f6 11. a4 a5 12. Bd2 Nh6 13. Ra3 Nf7 14. Rb3 Rb8 15. Nb5 Na6 16. h3 h5 17. Nh4 g5 18. Nf5 Bf8 19. Qe2 Ne5 20. f4 gxf4 21. Bxf4 Ng6 22. Bd2 Nb4 23. Rg3 Ne5 24. Bf4 h4 25. Rc3 Ng6 26. Qg4 Kf7 27. Nfxd6+ 1-0

[Event "CZE-chT2A 1314"]
[Site "Czech Republic"]
[Date "2013.12.01"]
[Round "3.7"]
[White "Volf, Jaromir"]
[Black "Lamser, Jan"]
[Result "1-0"]
[WhiteElo "2093"]
[BlackElo "2173"]
[PlyCount "73"]
[EventDate "2013.11.03"]
[EventType "team-tourn"]
[EventRounds "11"]
[EventCountry "CZE"]
[SourceTitle "EXT 2015"]
[Source "ChessBase"]
[SourceDate "2014.11.20"]
[SourceVersion "1"]
[SourceVersionDate "2014.11.20"]
[SourceQuality "1"]
[WhiteTeam "Kladno"]
[BlackTeam "Postovni sporitelna II"]
[WhiteTeamCountry "CZE"]
[BlackTeamCountry "CZE"]

1. e4 d6 2. d4 Nf6 3. Nc3 e5 4. d5 g6 5. h3 Bg7 6. Be3 0-0 7. Qd2 c5 8. 0-0-0 a6 9. f3 Nh5 10. Nce2 f5 11. Bh6 f4 12. Bxg7 Kxg7 13. h4 b5 14. Qe1 c4 15. Kb1 Nd7 16. g4 Nhf6 17. Nh3 Nc5 18. h5 Nfd7 19. g5 Nb6 20. Qh4 Rh8 21. Bg2 Ra7 22. Rh2 Rf7 23. Rdh1 Bxh3 24. Bxh3 Rff8 25. Be6 Nxe6 26. dxe6 Qe8 27. Qg4 Qe7 28. Nc3 Qb7 29. hxg6 hxg6 30. Rh6 Rxh6 31. Rxh6 Rg8 32. Qh3 Kf8 33. Rh7 Qc8 34. Nd5 Nxd5 35. exd5 Qc5 36. a3 Qxd5 37. e7+ 1-0

[Event "CZE-chT2A 1213"]
[Site "Czech Republic"]
[Date "2013.02.17"]
[Round "9.7"]
[White "Volf, Jaromir"]
[Black "Stastny, Petr"]
[Result "0-1"]
[WhiteElo "2110"]
[BlackElo "2075"]
[PlyCount "116"]
[EventDate "2012.10.14"]
[EventType "team-tourn"]
[EventRounds "11"]
[EventCountry "CZE"]
[SourceTitle "EXT 2015"]
[Source "ChessBase"]
[SourceDate "2014.11.20"]
[SourceVersion "1"]
[SourceVersionDate "2014.11.20"]
[SourceQuality "1"]
[WhiteTeam "Kladno"]
[BlackTeam "Teplice"]
[WhiteTeamCountry "CZE"]
[BlackTeamCountry "CZE"]

1. e4 c5 2. c4 Nc6 3. Nc3 g6 4. d3 Bg7 5. Nf3 d6 6. Be2 e5 7. 0-0 Nge7 8. Nd5 0-0 9. a3 Nxd5 10. cxd5 Ne7 11. b4 b6 12. bxc5 dxc5 13. a4 Bd7 14. Bb2 Qc7 15. Qb3 Rae8 16. Nd2 Nc8 17. Nc4 Nd6 18. Bc3 f5 19. f3 Kh8 20. Qb2 Nxc4 21. dxc4 f4 22. a5 Rb8 23. axb6 axb6 24. Rfd1 Qd6 25. Ra7 Rfe8 26. Rda1 h5 27. R1a3 h4 28. Rb3 b5 29. Rxd7 Qxd7 30. Rxb5 Rxb5 31. cxb5 Qd6 32. Bc4 Rb8 33. Qa3 Bf6 34. Qa7 Bd8 35. Kf1 Kg8 36. Qa6 Bb6 37. Ke2 Kf8 38. Be1 Qe7 39. Bf2 Ke8 40. Be1 Qd8 41. Bc3 Qe7 42. Kd3 Qg5 43. Qa2 Qe7 44. Qa1 Bc7 45. Qa6 Bb6 46. Be1 Qg5 47. Qa2 Qe7 48. Qf2 Bd8 49. g3 fxg3 50. hxg3 Ra8 51. gxh4 Ra3+ 52. Kc2 Qa7 53. Qf1 Ra1 54. Bb3 Qa3 55. Qg1 Rc1+ 56. Kd2 Qb2+ 57. Kd3 Qxb3+ 58. Kd2 Rc2+ 0-1

[Event "Rail 4 Countries"]
[Site "Vienna"]
[Date "2011.11.11"]
[Round "1.6"]
[White "Ross, Helmut"]
[Black "Volf, Jaromir"]
[Result "1/2-1/2"]
[WhiteElo "1935"]
[BlackElo "2079"]
[PlyCount "99"]
[EventDate "2011.11.11"]
[EventType "team-tourn"]
[EventRounds "3"]
[EventCountry "AUT"]
[SourceTitle "EXT 2022"]
[Source "ChessBase"]
[SourceDate "2021.10.06"]
[SourceVersion "1"]
[SourceVersionDate "2021.10.06"]
[SourceQuality "1"]
[WhiteTeam "Austria USIC"]
[BlackTeam "Czech Republic USIC"]
[WhiteTeamCountry "AUT"]
[BlackTeamCountry "CZE"]

1. e4 e5 2. Nf3 d6 3. d4 exd4 4. Nxd4 Nf6 5. Nc3 Be7 6. Be2 0-0 7. 0-0 c5 8. Nb3 Nc6 9. Be3 a6 10. a4 b6 11. f3 Qc7 12. Nd5 Nxd5 13. exd5 Ne5 14. c4 f5 15. f4 Ng4 16. Bd2 Bf6 17. h3 Nh6 18. Qc2 Qf7 19. Bc3 Bd7 20. Rf3 Rfe8 21. Nc1 Re7 22. Bxf6 Qxf6 23. Qc3 Qxc3 24. Rxc3 Kf7 25. b3 Ng8 26. Kf2 Nf6 27. Bf3 Rae8 28. Ra2 Ne4+ 29. Bxe4 Rxe4 30. g3 h6 31. Re2 g5 32. Rxe4 Rxe4 33. Ne2 Kf6 34. Re3 Rxe3 35. Kxe3 Be8 36. Nc3 Bh5 37. Nb1 Bd1 38. Nd2 Kg6 39. Kf2 gxf4 40. gxf4 Kh5 41. Kg3 Bc2 42. h4 Bd1 43. Kh3 Kg6 44. Kg3 Kf6 45. Kf2 Ke7 46. Ke3 Bc2 47. Kf2 Kd7 48. Ke3 Kc7 49. Kf2 b5 50. a5 1/2-1/2

[Event "CZE-chT2B 1011"]
[Site "Czech Republic"]
[Date "2011.01.23"]
[Round "6.8"]
[White "Volf, Jaromir"]
[Black "Kovar, Ladislav"]
[Result "1-0"]
[WhiteElo "2091"]
[BlackElo "1918"]
[PlyCount "110"]
[EventDate "2010.10.17"]
[EventType "team-tourn"]
[EventRounds "11"]
[EventCountry "CZE"]
[SourceTitle "EXT 2012"]
[Source "ChessBase"]
[SourceDate "2011.11.24"]
[SourceVersion "1"]
[SourceVersionDate "2011.11.24"]
[SourceQuality "1"]
[WhiteTeam "Kladno"]
[BlackTeam "Postovni sporitelna II"]
[WhiteTeamCountry "CZE"]
[BlackTeamCountry "CZE"]

1. e4 c5 2. c4 Nc6 3. Nc3 Nf6 4. f4 d6 5. Nf3 e5 6. d3 a6 7. Be2 Be7 8. 0-0 0-0 9. Nd5 exf4 10. Nxe7+ Qxe7 11. Bxf4 h6 12. Qe1 Ne5 13. Nh4 Kh7 14. Qg3 g6 15. Rf2 Bg4 16. Bxe5 Qxe5 17. Qxe5 dxe5 18. Raf1 Bxe2 19. Rxe2 Kg7 20. g3 Rad8 21. Re3 Ne8 22. Ref3 f6 23. Rc1 Rf7 24. Rc3 Rfd7 25. Ng2 Kf7 26. Rb3 Ke6 27. Rb6+ Rd6 28. Rxb7 Rxd3 29. Rb6+ R8d6 30. Rxd3 Rxb6 31. b3 Nd6 32. Re3 f5 33. exf5+ Nxf5 34. Nf4+ Kd6 35. Rd3+ Nd4 36. Nxg6 Rb8 37. Re3 Re8 38. Re4 Re6 39. Nh4 Rf6 40. Kg2 a5 41. Re3 Nc2 42. Re2 Nd4 43. Rf2 Re6 44. Nf5+ Kd7 45. g4 e4 46. Ne3 Nf3 47. Kg3 Kd6 48. Kf4 Ng5 49. Rd2+ Kc6 50. Rd5 Nf3 51. h3 Rf6+ 52. Rf5 Re6 53. Nd5 Nh4 54. Rf6 Ng2+ 55. Kg3 Kd6 1-0

[Event "CZE-chT2b 0607"]
[Site "Czech Republic"]
[Date "2007.03.25"]
[Round "10"]
[White "Volf, Jaromir"]
[Black "Nejedlo, Josef"]
[Result "1-0"]
[WhiteElo "2102"]
[BlackElo "1855"]
[PlyCount "95"]
[EventDate "2006.10.15"]
[EventType "team"]
[EventRounds "11"]
[EventCountry "CZE"]
[SourceTitle "EXT 2009"]
[Source "ChessBase"]
[SourceDate "2008.11.26"]
[SourceVersion "1"]
[SourceVersionDate "2008.11.26"]
[SourceQuality "1"]

1. e4 e5 2. Bc4 Nf6 3. d3 c6 4. Nf3 d5 5. exd5 cxd5 6. Bb5+ Bd7 7. Bxd7+ Nbxd7 8. Qe2 Bd6 9. 0-0 0-0 10. Nc3 Qb6 11. b3 Qc6 12. Bb2 Rac8 13. Rac1 Rfe8 14. Rfe1 Bb4 15. Nd1 Bxe1 16. Qxe1 d4 17. c3 Qa6 18. Qd2 Qa5 19. Ra1 Nd5 20. b4 dxc3 21. Nxc3 Nxb4 22. a3 Nd5 23. Nxd5 Qxd5 24. Rd1 Qb3 25. Ba1 Rc2 26. Qe1 Qd5 27. h4 f6 28. h5 Nb6 29. h6 g6 30. d4 e4 31. Nd2 f5 32. Qe3 Kf7 33. Nf1 Nc4 34. Qb3 Ne3 35. Qxe3 Rec8 36. a4 R8c6 37. Qf4 Qd6 38. Qg5 Ra2 39. Ne3 Rxa4 40. d5 Rc7 41. Bg7 Ra5 42. g3 Rac5 43. Bb2 Rb5 44. Nxf5 gxf5 45. Qxf5+ Kg8 46. Qg5+ Kf7 47. Be5 Qe7 48. Qf4+ 1-0

[Event "CZE-chT2b 0607"]
[Site "Czech Republic"]
[Date "2007.02.11"]
[Round "7"]
[White "Matejka, Petr"]
[Black "Volf, Jaromir"]
[Result "1-0"]
[WhiteElo "2063"]
[BlackElo "2102"]
[PlyCount "63"]
[EventDate "2006.10.15"]
[EventType "team"]
[EventRounds "11"]
[EventCountry "CZE"]
[SourceTitle "EXT 2009"]
[Source "ChessBase"]
[SourceDate "2008.11.26"]
[SourceVersion "1"]
[SourceVersionDate "2008.11.26"]
[SourceQuality "1"]

1. d4 d5 2. c4 e6 3. Nc3 c6 4. Nf3 f5 5. cxd5 exd5 6. Bf4 Nf6 7. e3 Bd6 8. Ne5 0-0 9. Bd3 Ne4 10. h4 Bb4 11. Qb3 Qe7 12. Ke2 Bxc3 13. bxc3 Nd7 14. Rac1 Nxe5 15. Bxe5 b5 16. Qb4 Qe6 17. Bf4 Bd7 18. Qa5 Be8 19. Qc7 Bh5+ 20. f3 Rf7 21. Qe5 Re8 22. Qxe6 Rxe6 23. g4 fxg4 24. fxe4 g3+ 25. Kd2 Rxf4 26. exf4 dxe4 27. Rce1 Bf3 28. Rhg1 g2 29. Re3 Kf7 30. Be2 Bxe2 31. Rxe2 Kf6 32. Ke3 1-0

[Event "CZE-chT2b 0506"]
[Site "Czech Republic"]
[Date "2005.11.06"]
[Round "2"]
[White "Krajic, Karel"]
[Black "Volf, Jaromir"]
[Result "1-0"]
[WhiteElo "1965"]
[BlackElo "1996"]
[PlyCount "59"]
[EventDate "2005.10.16"]
[EventType "team"]
[EventRounds "11"]
[EventCountry "CZE"]
[SourceTitle "EXT 2009"]
[Source "ChessBase"]
[SourceDate "2008.11.26"]
[SourceVersion "1"]
[SourceVersionDate "2008.11.26"]
[SourceQuality "1"]

1. Nf3 c5 2. c4 Nc6 3. Nc3 e5 4. g3 Nf6 5. Bg2 Be7 6. 0-0 0-0 7. d3 d5 8. cxd5 Nxd5 9. Nxe5 Nxc3 10. Nxc6 Nxe2+ 11. Qxe2 bxc6 12. Bf4 Ba6 13. Rfd1 Bd6 14. Be3 Bb7 15. Rac1 Qa5 16. b3 Rfe8 17. Qc2 Rac8 18. Qd2 Qa3 19. Rc4 Qa6 20. Bxc5 Bxc5 21. Rxc5 Rcd8 22. Rc4 Rd6 23. Re4 Red8 24. Qe3 g6 25. Re8+ Kg7 26. Qe5+ Kh6 27. Rxd8 Rxd8 28. d4 Qb6 29. g4 g5 30. Qf6# 1-0